| 000 | 00975nam a2200253 i 4500 | ||
|---|---|---|---|
| 001 | 181940 | ||
| 003 | ES-MaACL | ||
| 005 | 20250911062856.0 | ||
| 008 | 130509s2011 sp | |||||||| | spa d | ||
| 020 | _a978-84-9895-804-1 | ||
| 080 | _a821.111(71)-14"19" | ||
| 100 | 1 |
_aCohen, Leonard. _939504 |
|
| 245 | 1 | 0 |
_aA mil besos de profundidad : _bcanciones y poemas / _cLeonard Cohen ; traducción de Alberto Manzano. |
| 260 |
_aMadrid : _bVisor Libros, _cD.L. 2011. |
||
| 300 |
_a2 v. (251, 185 p.) ; _c20 cm. |
||
| 490 | 1 |
_aColección Visor de poesía ; _vv. 804-805 |
|
| 505 | 8 | _aContiene: Canciones y poemas (1956-1978) ; Canciones y poemas (1979-2006) | |
| 700 | 0 |
_aManzano, Alberto. _976213 |
|
| 830 | 0 |
_aColección Visor de poesía _vv. 804-805 _9177331 |
|
| 852 |
_aES-MaACL _jA-12630 _9188848 _pv.1 _bR.148618 _cDEPO1 _dOlim: N-5631 |
||
| 852 |
_aES-MaACL _jA-12631 _9200656 _pv.2 _bR.148618 _cDEPO1 _dOlim: N-5632 |
||
| 942 |
_2udc _cMONOGRAFIA |
||
| 999 |
_c181940 _d181940 |
||